Pemba's song : (Record no. 3759)

MARC details
000 -LEADER
fixed length control field 01005nam a22002777a 4500
001 - CONTROL NUMBER
control field 3759
003 - CONTROL NUMBER IDENTIFIER
control field FISKH
005 - DATE AND TIME OF LATEST TRANSACTION
control field 20240430111815.0
008 - FIXED-LENGTH DATA ELEMENTS--GENERAL INFORMATION
fixed length control field 240430b cb ||||| |||| 00| 0 eng d
020 ## - INTERNATIONAL STANDARD BOOK NUMBER
International Standard Book Number 9780545140201
040 ## - CATALOGING SOURCE
Original cataloging agency FISKH
Language of cataloging eng
Transcribing agency FISKH
Modifying agency FISKH
050 ## - LIBRARY OF CONGRESS CALL NUMBER
Classification number PZ7.H35885
082 ## - DEWEY DECIMAL CLASSIFICATION NUMBER
Classification number 479
100 ## - MAIN ENTRY--PERSONAL NAME
Personal name Nelson, Marilyn
245 ## - TITLE STATEMENT
Title Pemba's song :
Remainder of title A ghost story /
Statement of responsibility, etc. by Marilyn Nelson and Tonya C.Hegamin
260 ## - PUBLICATION, DISTRIBUTION, ETC.
Place of publication, distribution, etc. New York :
Name of publisher, distributor, etc. Scholastic ,
Date of publication, distribution, etc. 2008
300 ## - PHYSICAL DESCRIPTION
Extent 109 pages :
Other physical details illustrations ;
Dimensions 20 cm .
505 ## - FORMATTED CONTENTS NOTE
Formatted contents note R <br/>
520 ## - SUMMARY, ETC.
Summary, etc. As fifteen-year-old Pemba adjusts to leaving her Brooklyn, New York, home for small-town Connecticut, a Black history researcher helps her understand the paranormal experiences drawing her into the life of a mulatto girl who was once a slave in her house.
521 8# - TARGET AUDIENCE NOTE
Target audience note 730 <br/>
Source Lexile <br/>
521 8# - TARGET AUDIENCE NOTE
Target audience note R <br/>
Source Raz-Plus <br/>
650 ## - SUBJECT ADDED ENTRY--TOPICAL TERM
Topical term or geographic name entry element ghosts
Form subdivision fiction
700 ## - ADDED ENTRY--PERSONAL NAME
Personal name Hegamin, Tonya
Relator term illustrator
942 ## - ADDED ENTRY ELEMENTS (KOHA)
Source of classification or shelving scheme Dewey Decimal Classification
Koha item type Books
Suppress in OPAC No
Holdings
Withdrawn status Lost status Source of classification or shelving scheme Damaged status Not for loan Collection Home library Current library Shelving location Date acquired Total Checkouts Full call number Barcode Date last seen Price effective from Koha item type
    Dewey Decimal Classification     Fiction Footprints International School Library Network Toul Kork Campus Footprints International School Library Network Toul Kork Campus   04/30/2024   NEL 479 PZ7.H35885 FISSE01123 04/30/2024 04/30/2024 Books